verbe bresil - Statistiques

Statistiques générales
  • Ce quiz a été pris 13 fois
  • Le résultat moyen est 24 sur 134
Statistiques - réponses
français Portugais % Correct
aider ajudar
100%
acheter comprar
100%
aimer amar
75%
aller ir
75%
appeler chamar
50%
arriver (à destination) chegar
50%
avoir ter
50%
ouvrir abrir
25%
finir | terminer acabar
25%
arriver (avoir lieu, se passer) acontecer
25%
marcher andar
25%
éteindre (le feu) apagar
25%
apprendre (recevoir la connaissance) aprender
25%
chercher buscar
25%
tomber cair
25%
chanter cantar
25%
pleurer chorar
25%
manger comer
25%
conduire conduzir
25%
connaître conhecer
25%
continuer continuar
25%
courir correr
25%
couper cortar
25%
donner dar
25%
décider decidir
25%
laisser deixar
25%
se reposer descansar
25%
dire dizer
25%
dormir dormir
25%
retrouver encontrar
25%
entrer entrar
25%
envoyer enviar
25%
choisir escolher
25%
attendre esperar
25%
oublier esquecer
25%
exister existir
25%
expliquer explicar
25%
parler falar
25%
faire fazer
25%
fermer fechar
25%
rester (continuer d’être) ficar
25%
gagner ganhar
25%
jouer (un jeu) jogar
25%
lire ler
25%
nettoyer limpar
25%
changer mudar
25%
regarder olhar
25%
entendre ouvir
25%
payer pagar
25%
casser | partir partir
25%
penser pensar
25%
perdre perder
25%
permettre permitir
25%
pouvoir poder
25%
avoir besoin precisar
25%
préparer preparar
25%
vouloir querer
25%
recevoir receber
25%
reconnaître reconhecer
25%
se souvenir, se rappeler recordar
25%
répondre responder
25%
rire rir
25%
voler roubar
25%
savoir saber
25%
sortir sair
25%
suivre seguir
25%
s’asseoir sentar-se
25%
être ser
25%
essayer tentar
25%
finir | terminer terminar
25%
toucher tocar
25%
rendre tornar
25%
travailler trabalhar
25%
utiliser usar
25%
vendre vender
25%
voir ver
25%
venir vir
25%
vivre viver
25%
retourner | revenir voltar
25%
accepter aceitar
0%
allumer acender
0%
trouver (par hasard, une solution, juger) achar
0%
se réveiller acordar
0%
croire acreditar
0%
ajouter acrescentar
0%
s’endormir adormecer
0%
réussir (socialement) alcançar
0%
jeter (lancer) atirar
0%
ajouter aumentar
0%
jouer (s´amuser) brincar
0%
poser colocar
0%
commencer começar
0%
comprendre compreender
0%
terminer concluir
0%
compter contar
0%
faire la cuisine cozinhar
0%
jeter (à la poubelle) deitar
0%
(se) rencontrer (faire connaissance, se croiser en chemin avec une connaissance) deparar-se com
0%
descendre descer
0%
éteindre (lampe, machine, interrupteur) desligar
0%
devoir dever
0%
apprendre (enseigner) ensinar
0%
écrire escrever
0%
écouter escutar
0%
tourner girar
0%
empêcher impedir
0%
laver lavar
0%
se laver lavar-se
0%
rappeler lembrar
0%
porter levar
0%
garder manter
0%
montrer mostrar
0%
refuser negar
0%
ressembler parecer
0%
demander pedir
0%
prendre pegar
0%
rester (continuer d’être) permanecer
0%
mettre pôr
0%
arrêter prender
0%
goûter provar
0%
tirer puxar
0%
refuser recusar
0%
répéter repetir
0%
goûter saboriar
0%
tenir segurar
0%
rester (être en réserve) sobrar
0%
réussir (examen, activité) ter sucesso
0%
devenir tornar-se
0%
apporter trazer
0%
rentrer (à la maison) voltar (para casa)
0%
Aucun quiz correspondant
Distribution des résultats
% des personnes avec chaque résultat
Percentile par nombre de réponses
Votre historique - résultats
Vous n’avez pas pris ce quiz